000 00335nam a2200145Ia 4500
008 230917s9999||||xx |||||||||||||| ||und||
040 _e155851
_aMAIN
041 _aEnglish
082 _aB J344M:I
100 _aMasani, Minoo
245 0 _aIs J.P. the answer
260 _aDelhi
_bMacMillan
_c1975
300 _a133 p.
942 _cBK
999 _c192038
_d192038